| 000 | 00880cab a2200253 4500 | ||
|---|---|---|---|
| 001 | WB3340-05 | ||
| 008 | 090401t1997 xxu||||| |||| 00| 0 eng d | ||
| 035 | _a(Sirsi) u81452 | ||
| 041 | _aeng | ||
| 245 | _aHigh street comeback | ||
| 260 | _c1997 | ||
| 350 | _a0 | ||
| 490 |
_aRetail Week _v26 September 1997, 26(1) |
||
| 520 | _aRecent research shows that high street rents are beginning to respond to rising retailer demand. A report from Retail Focus shows that requirements in the top 50 town centres outside London are up by 24% on a year ago. Table. | ||
| 650 | _aHIGH STREET | ||
| 650 | _aPRIME RENTS | ||
| 650 | _aPROPERTY-COMMERCIAL PROPERTY-RETAIL PROPERTY-RETAIL PROPERTY MARKET | ||
| 650 | _aRETAIL RENTS | ||
| 650 | _aTOWN CENTRES | ||
| 650 | _aTRENDS | ||
| 690 | _aPROPERTY-COMMERCIAL PROPERTY-RETAIL PROPERTY | ||
| 942 | _n0 | ||
| 948 | _c15/10/1997 | ||
| 999 |
_c51320 _d51320 |
||